000 00825cam a2200289Mi 4500
001 74236
005 20230410123406.0
008 090119s2008 sp 000 0 spa d
035 _a(OCoLC)ocn301553838
040 _aPL#
_bspa
_cPL#
020 _a849836471X
020 _a9788498364712
029 0 _aPL#
_b090000111
035 _a(OCoLC)301553838
050 1 4 _aK 230
_bT314 2008
100 1 _aVergara, Oscar.
245 1 0 _aTeorías del sistema jurídico /
_cOscar Vergara, ed.
260 _aAlbolote (Granada) :
_bEditorial Comares,
_c2008.
300 _a326 p. ;
_ccm.
500 _aDescrito en base a una bibliografía.
650 0 _aDerecho
_aFilosofía.
650 0 _aLaw
_xPhilosophy.
938 _aPuvill Libros
_bPUVL
_n9788498364712
_c$46.71
942 _2lcc
_cbk
946 _accruz
994 _aC0
_bDRFGD
999 _c60501
_d60501